000 00355pab a2200145 454500
008 180718b2003 xxu||||| |||| 00| 0 eng d
100 _aRodgers, Harrell
245 _aWelfare reform: making work really work
260 _c2003
300 _ap.89-100.
362 _aFeb
650 _aSocial welfare
773 _aPolicy Studies Journal
909 _a56377
999 _c56377
_d56377